000 00907nam a2200301 a 4500
001 14285
003 BD-RjUL
005 20211208235613.0
008 170521m1983 enka b 000 0 eng d
020 _a01227030149 (V-4)
020 _a0122703030 (V-3)
020 _a0122703022 (V-2)
020 _a0122703014 (V-1)
035 _a(BD-RjUL)
040 _aLC
_beng
_cLC
_dBD-RjUL
041 _aeng
082 1 4 _a660.65
_223
_bGEN 1983
245 0 0 _aGenetic engineering /
_cedited by Robert Williamson.
260 _aLondon ;
_aNew York :
_bAcademic Press,
_cc1983
300 _avol. :
_bill. ;
_c23 cm.
504 _aIncludes bibliographical references.
505 0 _aVol. 1-- v. 2-- v. 3-- v. 4--
650 0 _aGenetic engineering.
_944607
650 0 _aRecombinant DNA.
_934297
700 1 _aWilliamson, R.
_q(Robert)
_942716
700 1 _aRigby, P. W. J.
_q(Peter W. J.)
_944608
942 _2ddc
_cBK
999 _c14285
_d14285